000 00359pab a2200145 454500
008 180718b2003 xxu||||| |||| 00| 0 eng d
100 _aSarkar, Chitta Ranjan
245 _aLease financing - a milestone
260 _c2003
300 _ap.61-65.
362 _aApr-Sep
650 _aFinancing
773 _aJournal of Accounting and Finance
909 _a58025
999 _c58025
_d58025